000 00185nam a22000977a 4500
082 _a823
_bPEG/O
100 _aPEGGY
245 _aONE OF THE FAMILY
650 _aENGLISH STORY
942 _cBK
999 _c7737
_d7737